000 00303nam a22001337a 4500
008 170209b xxu||||| |||| 00| 0 eng d
020 _a9780781745765
041 _aeng
080 _25ED
_a61
100 _a4
101 _aSHM
245 _aSTUDYING A STYDY TESTING A TEST
_cRIEGELMAN.K
942 _2udc
_cBK
999 _c5042
_d5042